000 00468nam a22001097a 4500
008 110704t xxu||||| |||| 00| 0 eng d
010 _aCAMCAF74
245 _aCourt of Appeal Misc. Application No. 07 OF 1998 National Enterprises Corporation Vs Mukisa Foods Limited
260 _c1998
500 _aCORAM: C.M. KATO, J.A. ; A.E. MPAGI-BAHIGEINE, J.A. ; J.P. BERKO, JA.
999 _c4498
_d4498